00434 2200169 4500245007200000020002200072250001100094100001400105700001100119650002000130005001900150260003700169041001400206084001000220300002500230336000900255 aPerubahan Iklim b : Penyebab . Dampak dan SolusicRantidyahhText a978-602-9362-18-3 aCet. 1 aRantidyah aEko P. aPerubahan Iklim a20230307112307 aJakartabPT Vallis Fortunac2013 aIndonesia a613.1 avi, 68 hlm. :cilus. atext